000 01157nam0a2200325 4500
001 RU\NLR\bibl\508940
005 20260408181203.0
010 _a5-201-02119-0
_91500
021 _aRU
_b2004-10743
_9554
035 _a(NLR Aleph) 000501462
090 _a1176252
_c1176252
100 _a20040407d2003 k y0rusy50 ca
101 0 _arus
102 _aRU
105 _ay |||||||||
200 1 _aРитм как культурно-антропологический феномен
_fГ.А. Карцева
_gРос. акад. наук, Ин-т философии
210 _aМ.
_cИФ РАН
_d2003
215 _a175, [1] с.
_d20
320 _aБиблиогр. в конце кн. (138 назв.)
606 0 _aКультура
_xТеория
_91493017
_3RU\NLR\auth\66643358
606 _aРитм (филос.)
_3RU\NLR\auth\66934833
_92029654
686 _aЧ111
686 1 _aЮ801.14
700 1 _4070
_8rus
_7ca
_aКарцева
_bГ. А.
_gГалина Александровна
_3RU\NLR\auth\7789929
_972856
801 0 _aRU
_bNLR
_c20040407
_gPSBO
801 1 _aRU
_bNLR
_c20040407
942 _cBOOK
980 _aNB